00385cam a2200145Ia 4500020001700000040000800017082002600025245004400051260004600095300002000141490002900161650001100190650001900201700001900220 a0618118802 : cAMP00a810 HOU 2002 A097 Or.04aThe best American travel writing 2002 / aBoston, MA :bHoughton Mifflin Co.,c2002 a351 p. ;c22 cm1 aThe Best American series 0aTravel 0aTravel writing1 aMayes, Frances